Amaru, paraíso de orquídeas : (Record no. 8968)

000 -CABECERA
fixed length control field 00856nam a22002177a 4500
003 - IDENTIFICADOR DEL NÚMERO DE CONTROL
control field AR-CdUCM
008 - DATOS DE LONGITUD FIJA--INFORMACIÓN GENERAL
fixed length control field 190327b ||||| |||| 00| 0 spa d
040 ## - FUENTE DE LA CATALOGACIÓN
Agencia/entidad que catalogó originalmente la obra MUNICIPALIDAD PROVINCIAL DEL CUSCO
Entidad que transcribió la catalogación BIBLIOTECA MUNICIPAL DEL CUSCO
082 ## - NÚMERO DE LA CLASIFICACIÓN DECIMAL DEWEY
No. de Clasificación 582.130985 /
Notacion interna C69
100 ## - ENTRADA PRINCIPAL--NOMBRE DE PERSONA
Nombre Personal Collantes Meza, Benjamin
245 ## - MENCIÓN DE TÍTULO
Título Amaru, paraíso de orquídeas :
Resto del título Amaru, orchid's paradise /
260 ## - PUBLICACIÓN, DISTRIBUCIÓN, ETC.
Lugar de publicación, distribución, etc. Lima :
Nombre de la editorial, distribuidor, etc. Impresso Gráfica,
Fecha de publicación, distribución, etc. 2014.
300 ## - DESCRIPCIÓN FÍSICA
Nº de Páginas Extensión 2014 paginas ;
Dimensiones 35 cm.
Otros detalles físicos Ilustraciones (principalmente col.), mapas
505 ## - NOTA DE CONTENIDO CON FORMATO
Nota de contenido formateada Contenido : Referencias históricas -- Biología general de las orquídeas -- Las especies -- Conservación en situ -- Aspectos sociales de huachacolpa ...
650 ## - PUNTO DE ACCESO ADICIONAL DE MATERIA--TÉRMINO DE MATERIA
Descriptor Orquídeas
9 (RLIN) 20770
650 ## - PUNTO DE ACCESO ADICIONAL DE MATERIA--TÉRMINO DE MATERIA
Descriptor Huancavelica
9 (RLIN) 24873
650 ## - PUNTO DE ACCESO ADICIONAL DE MATERIA--TÉRMINO DE MATERIA
Descriptor Perú
9 (RLIN) 35
700 ## - PUNTO DE ACCESO ADICIONAL--NOMBRE DE PERSONA
Nombre Personal Egoavil, Luis
9 (RLIN) 24874
942 ## - ELEMENTOS DE PUNTO DE ACCESO ADICIONAL (KOHA)
Fuente de clasificación
Tipo de item Libros-BMC
945 ## - PROCESAMIENTO DE INFORMACIÓN LOCAL (OCLC)
Catalogador rah
Holdings
Estado de retiro (separado) Fuente de clasificación o esquema de estanterías Estado dañado Ubicación Sala donde se ubica Nombre de la colección Fecha de adquisición o compra Costo, precio normal en soles Signatura topográfica Código de Barras Última vez visto (Koha) Tipo de ítem (Koha)
No     Sala Ciencias Sala Ciencias Book Cart 2019-03-27 50.00 582.130985 / C69 SC0000001201 2019-03-27 Libros-BMC

Powered by Koha